1311 1815 1004 1718 1796 1526 1599 1895 1500 1545 1740 1531 1165 1114 1013 1115 1531 1916 1473 1775 1923 1721 1972 1750 1056 1920 1551 1551 1948 1093 1868 1284 1139 1935 1833 1880 1009 1277 1215 1452 1321 1066 1823 1589 1283 1731 1891 1550 1215 1641 1193 1803 1120 1183 1106 1607 1007 1300 1291 1600 1571 1725 1346 1490 1759 1608 1652 1154 1492 1107 1975 1026 1388 1812 1215 1253 1743 1247 1253 1649 1870 1963 1669 1293 1456 1760 1115 1411 1112 1183 1635 1115 1415 1467 1100 1680 1374 1491 1761 BCNSPRNW ULIB Ver.6.0+V

เปลี่ยนเป็นภาษาไทย

Change to English
 แสดงรายละเอียดบรรณานุกรม
  กลับหน้าหลัก

Brief Record : Get Marc (ISO 2709) : E-mail record : QR code < ปิดหน้าต่าง
LEADER : 00000nam 2200000uu 4500
001    13399122782
003     ULIB
008    130923s2555||||th 000 0 tha d
020    ^a9789742476182
060 04 ^aWB327^bส637ร
100    ^aสาทิส อินทรกำแพง
245 1  ^aเรื่องของภูมิชีวิต = ^bImmune system ^c/ สาทิส อินทรกำแพง
246  3  ^aImmune system
250    ^aพิมพ์ครั้งที่ 11
260    ^aกรุงเทพฯ : ^bอัมรินทร์สุขภาพ, ^c2555
300    ^a213 หน้า ; ^c21 ซม.
440 0   ^aชุดชีวิตและสุขภาพ ; ลำดับที่ 152
650    ^aภูมิชีวิต
650    ^aภูมิต้านทาน
650    ^aการล้างพิษ
945    ^p195^l0^i034006
999    ^aเกษร โพธิ์สุวรรณ
รายการนี้ยังไม่มีแท็ก
คุณยังไม่ได้ล็อกอิน คุณสามารถมีกิจกรรมร่วมกับเว็บไซต์ได้ แต่ต้องล็อกอินก่อน ::
  ล็อกอิน

รายการสื่อสารสนเทศ

ลำดับที่ ประเภท เลขเรียก/บาร์โค้ด สถานที่ สถานะ
1. วิทยาศาสตร์การแพทย์ และสุขภาพ
หนังสือสำรอง
สถานะ=หนังสือสำรอง
WB327 ส637ร ฉ.1 
  Barcode: 034006
ห้องสมุดวิทยาเขตสวรรค์ประชารักษ์
►ส่วนจัดเก็บหนังสือเก่า สปร
บนชั้น
  ขอยืม

รายการใกล้เคียง
    ผู้แต่ง [สาทิส อินทรกำแพง]

    หัวเรื่อง [ภูมิชีวิต]
    หัวเรื่อง [ภูมิต้านทาน]
    หัวเรื่อง [การล้างพิษ]

BibComment


ยังไม่เคยถูกคอมเมนท์

คอมเมนท์ทรัพยากรรายการนี้
  คอมเมนท์: เรื่องของภูมิชีว..


 Copyright 2026. Bcnsprnw @Library